000
00259nam a22001217a 4500
008
171201b xxu||||| |||| 00| 0 eng d
041
_a
eng
080
_a
32
100
_a
20
101
_a
POL
245
_a
READINGS ON POPULATION
_c
HEER,D.M
942
_2
udc
_c
BK
999
_c
38721
_d
38721